000 00604nam a2200217Ia 4500
005 20250508153644.0
008 008 250505s9999 xx 000 0 eng d
037 _aTextual
040 _aFEDL
_beng
_cFEDL
041 _aeng
_2eng
084 _a910.7, BAR
_qFEDL
100 _aBarnard H C
_9511094
245 0 _aPrinciples and practice of geography teaching
250 _a3
260 _aLondon, UK
_bUniversity Tutorial Press Ltd.
_c1949
300 _avii,235p
365 _aINR
_b4.8
650 _aGeography - Teaching
942 _cTEXL
_h910.7, BAR
999 _c1344646
_d1344646